01553nam a22002297a 450000500170000000800410001702000180005804000070007604100080008308200180009110000280010924500160013726000440015330000290019736500590022652007760028565000230106170000300108494200120111499900190112695201780114520240729163635.0240729b ||||| |||| 00| 0 eng d a9788119792153 cAL aeng 223a188bAURM aMarcus Aurelius9174461 aMeditations aAhmedabadbJaico Publishing Housec2024 axxii,162p.bPBc21x14cm. 2Psychologya2488b159.00c₹d199.00e20%f17-07-2024 aPenned by the 16th century Roman emperor Marcus Aurelius, Meditations enumerates how to live wisely and meaningfully in an unpredictable world. Brimming with timeless wisdom, this book has found its way into the the bookshelves of many notable statesmen, thinkers, and intellectuals. WHEN LIFE BRINGS YOU PAIN AND SUFFERING, WHAT SHOULD YOU DO? TURN INWARDS. Through Meditations, Aurelius urges the reader to embrace the principles of stoic philosophy-the key to living a happy and fulfilling life. Learn how to: 1. Cultivate inner strength, resilience, and peace 2. Overcome self-doubt and fear 3. Develop self-discipline ... and much more. Cerebral, contemplative, and profound, Meditations is among the greatest works of popular philosophy, and is truly life-changing. aMeditation9174462 aAURELIUS (Marcus)9174463 2ddccBK c231535d231535 00102ddc40708PSYaALbALd2024-07-22eBiblios Book Point Surathkal Mangalore 575014g159.00l5o188 AURMp077252r2026-03-26 14:47:37s2026-03-21v199.00w2024-07-29yBK